Generalized Feynman amplitudes /
Guardado en:
| Autor Principal: | |
|---|---|
| Formato: | Libro |
| Idioma: | English |
| Publicado: |
Princeton, N.J. :
Princeton University Press,
1969.
|
| Series: | Annals of mathematics studies ;
no. 62 |
| Materias: | |
| Etiquetas: |
Agregar Etiqueta
Sin Etiquetas, Sea el primero en etiquetar este registro!
|
| LEADER | 00689cam a2200217 a 4500 | ||
|---|---|---|---|
| 001 | MAT.inmabb006123 | ||
| 008 | 690516s1969####nju######b####000#0#eng## | ||
| 005 | 20151112185030.0 | ||
| 245 | 1 | 0 | |a Generalized Feynman amplitudes / |c by Eugene R. Speer. |
| 260 | |a Princeton, N.J. : |b Princeton University Press, |c 1969. | ||
| 300 | |a 120 p. ; |c 24 cm. | ||
| 440 | 0 | |a Annals of mathematics studies ; |v no. 62 | |
| 504 | |a Bibliografía: p. 119-120. | ||
| 510 | 4 | |a MR, |c 39 #2422 | |
| 100 | 1 | |a Speer, Eugene R. | |
| 650 | 0 | |a Mathematical physics. | |
| 650 | 0 | |a Quantum field theory. | |
| 084 | |a 81T18 |2 msc2000 | ||
| 010 | |a 72077595 | ||
| 040 | |a DLC |c DLC |d DLC | ||
| 859 | |h 81 |i Sp742 |p A-5489 |b BIB. MATEMATICA | ||
